El libro de oro en México (Record no. 3928)
[ view plain ]
| 000 -CABECERA | |
|---|---|
| campo de control de longitud fija | 00734nam a2200241 a 4500 |
| 001 - NÚMERO DE CONTROL | |
| campo de control | BRCA_4217 |
| 005 - FECHA Y HORA DE LA ÚLTIMA TRANSACCIÓN | |
| campo de control | 20190320204604.0 |
| 008 - DATOS DE LONGITUD FIJA--INFORMACIÓN GENERAL | |
| campo de control de longitud fija | 090610m19721973mx-a######---#000-0#spa-# |
| 041 ## - CÓDIGO DE LENGUA | |
| Código de lengua del texto/banda sonora o título independiente | spa |
| 044 ## - CÓDIGO DEL PAÍS DE LA ENTIDAD EDITORA/PRODUCTORA | |
| Código MARC del país | mx |
| 050 #4 - SIGNATURA TOPOGRÁFICA DE LA BIBLIOTECA DEL CONGRESO | |
| Número de clasificación | HF3233 |
| Número de documento/Ítem | .R85 1 |
| -- | 1972 |
| 100 1# - ENTRADA PRINCIPAL--NOMBRE DE PERSONA | |
| Nombre de persona | Ruiz Sandoval, H. |
| 9 (RLIN) | 10873 |
| 245 10 - MENCIÓN DE TÍTULO | |
| Título | El libro de oro en México |
| Resto del título | directorio social |
| Mención de responsabilidad, etc. | H. Ruiz Sandoval. |
| 250 ## - MENCIÓN DE EDICIÓN | |
| Mención de edición | 38 |
| 260 ## - PUBLICACIÓN, DISTRIBUCIÓN, ETC. | |
| Lugar de publicación, distribución, etc. | México |
| Nombre del editor, distribuidor, etc. | H. Ruiz Sandoval Jr. |
| Fecha de publicación, distribución, etc. | 1972-1973 |
| 300 ## - DESCRIPCIÓN FÍSICA | |
| Extensión | c, 322 p. |
| Otras características físicas | il. (algunas a color) |
| Dimensiones | 18 cm. |
| 500 ## - NOTA GENERAL | |
| Nota general | Ver también DD46 (ed. 14) y H13 (ed. 16 y 17) |
| 500 ## - NOTA GENERAL | |
| Nota general | AM25 |
| 651 #4 - PUNTO DE ACCESO ADICIONAL DE MATERIA--NOMBRE GEOGRÁFICO | |
| Nombre geográfico | México |
| Subdivisión de forma | Directorios |
| Subdivisión general | Comercio |
| 9 (RLIN) | 10874 |
| 651 #4 - PUNTO DE ACCESO ADICIONAL DE MATERIA--NOMBRE GEOGRÁFICO | |
| Nombre geográfico | México |
| Subdivisión de forma | Guías de viajeros |
| Subdivisión general | Descripción |
| 9 (RLIN) | 10875 |
| 902 ## - CATALOGADOR | |
| Iniciales | GFM |
| 942 ## - ELEMENTOS DE PUNTO DE ACCESO ADICIONAL (KOHA) | |
| Fuente del sistema de clasificación o colocación | Library of Congress Classification |
| Tipo de ítem Koha | Libros |
| Estado de retiro | Estado de pérdida | Estado dañado | No para préstamo | Localización permanente | Ubicación/localización actual | Fecha de adquisición | Número de inventario | Total de préstamos | Signatura topográfica completa | Código de barras | Fecha visto por última vez | Precio válido a partir de | Tipo de ítem Koha |
|---|---|---|---|---|---|---|---|---|---|---|---|---|---|
| El ejemplar forma parte de la colección y puede ser consultado según las políticas vigentes. | Biblioteca del Museo Franz Mayer (Rogerio Casas-Alatriste) | Biblioteca del Museo Franz Mayer (Rogerio Casas-Alatriste) | 09/06/2010 | AM25 | HF3233 .R85 1 1972 (AM25) | 4214 | 22/03/2019 | 22/03/2019 | Libros |